Peristiwa di atas kapal

Bibliographic Details
Main Author: Wan Norsaedah
Format: Book
Published: Petaling Jaya : Penerbit Pan Earth Sdn. Bhd. , 1987
Series:Siri bacaan pelita
Subjects:

MARC

LEADER 00000cam a2200000 7i4500
001 0000003413
002 000003681
005 20000330.0
020 |a 9679563308 
090 0 0 |a JF   |b WAN 
100 0 |a Wan Norsaedah 
245 1 0 |a Peristiwa di atas kapal   |c Wan Norsaedah 
260 |a Petaling Jaya :   |b Penerbit Pan Earth Sdn. Bhd. ,   |c 1987 
300 |a 32p. :   |b ill. ;   |c 22cm. 
490 0 |a Siri bacaan pelita 
650 0 0 |a Children's stories, Malay 
999 |a 031744   |b BUKU   |c PINJAMAN   |e PERPUSTAKAAN KOMUNITI PETALING JAYA 
999 |a 031746   |b BUKU   |c JUNIOR FICTION   |e PERPUSTAKAAN KOMUNITI PETALING JAYA